[Event "TUR-chT"]
[Site "Izmir"]
[Date "2016.07.31"]
[Round "8.7"]
[White "Inan, Talha"]
[Black "Aydin, Hasan Bora"]
[Result "0-1"]
[WhiteElo "1340"]
[BlackElo "1944"]
[PlyCount "112"]
[EventDate "2016.07.25"]
[EventType "team-swiss"]
[EventRounds "13"]
[EventCountry "TUR"]
[SourceTitle "CBM 173 Extra"]
[Source "ChessBase"]
[SourceDate "2016.08.29"]
[SourceVersion "1"]
[SourceVersionDate "2016.08.29"]
[SourceQuality "1"]
[WhiteTeam "Kocaeli Buyuksehir Belediyesi"]
[BlackTeam "Bogazici Universitesi"]
[WhiteTeamCountry "TUR"]
[BlackTeamCountry "TUR"]

1. e4 c5 2. Nf3 g6 3. d4 cxd4 4. Nxd4 Bg7 5. Nc3 Nc6 6. Be3 Nf6 7. Be2 0-0 8. 0-0 d6 9. Kh1 Bd7 10. Nb3 Rc8 11. f4 a6 12. Bf3 b5 13. a3 Qc7 14. g4 Be6 15. f5 Bc4 16. Rf2 Ne5 17. Rb1 a5 18. Nd5 Nxd5 19. exd5 b4 20. axb4 axb4 21. Bg2 Ra8 22. g5 gxf5 23. Rxf5 Qd7 24. Nd4 Ra5 25. b3 Bxd5 26. Bxd5 Rxd5 27. Qf1 Qb7 28. Qg2 e6 29. Rff1 Rc8 30. Rbd1 Ng4 31. Nf5 exf5 32. Bg1 Rb5 33. Qxb7 Rxb7 34. Rxf5 Bf8 35. Rd2 Ne5 36. Bd4 Rbc7 37. Rff2 Nc6 38. Bf6 Na7 39. h4 Nb5 40. Bb2 Na3 41. Bxa3 bxa3 42. c4 Rb7 43. Rd3 Ra8 44. Ra2 Bg7 45. b4 Bb2 46. Rb3 Rc8 47. h5 Rxc4 48. h6 Rcxb4 49. Re3 Rb8 50. Kh2 d5 51. Kg2 d4 52. Re2 d3 53. Rd2 Rd4 54. Kf3 Re8 55. Raxb2 axb2 56. Rxb2 d2 0-1